Quizzes
Events
Quiz Creation
Community
Videos
Private Events
Remove Ads
Sign In
Join for FREE
Feedback
Dark Mode
Quiz Categories
Sports
Geography
Music
Movies
Television
Just For Fun
Miscellaneous
History
Literature
Language
Science
Gaming
Entertainment
Religion
Holiday
For Kids
Quiz Lab
Recent
Popular Today
Quiz Kudos Today
Editor Picks
Curator Picks
Quizzes by...
Day
Popularity
Type
Ratings
Length
Year
Community
Subscriptions
Recent Discussions
Orange Saloon
Badges
Playlists
Quests
Create
Leaderboards
Showdown
Live 5
Trivia Bingo
Activity
Puzzle Library
Sporcle Events
Private Events
Virtual Trivia
Globe League
Become a Host
Pub Owners
SporcleCon
Opinionation
Our Games
Videos
Blog
Mobile Apps
Partnerships
Remove Ads and Go Orange
Feedback
History
US Presidents
World Leaders
Politics
Nation
Discovery
War
Decade
Year
Century
Biography
Art
History
US Presidents
World Leaders
Politics
Nation
Discovery
War
Decade
Year
Century
Biography
Art
Random Quiz
Search Sporcle
×
Quiz Lab
Quiz Lab
History
Preservation
Type in answers that appear in a list
Type in answers that appear in a list
Classic
Best Score? Go Orange.
Historic Preservation Abbreviations Stats
Can you name the Common Historic Preservation Abbreviations?
By
galv12
12m
63 Questions
16 Plays
16 Plays
16 Plays
Comments
Comments
Give Quiz Kudos
Give Quiz Kudos
-
- Ratings
hide this ad
Replay
Link that replays current quiz
Next Quiz
Link to next quiz in quiz playlist
You Got
0%
They Got
Avg Score
20%
Avg Friend Score
Upgrade to see
Score Distribution
Jump to the score distribution portion of the page
Score
0/63
Timer
12:00
0
Plays Today
Abbreviation
Definition
% Correct
DOT
Department of Transportation
62.5%
National Register (NRHP)
National Register of Historic Places
62.5%
HABS
Historic American Buildings Survey
56.3%
NPS
National Park Service
56.3%
AIA
American Institute of Architects
50%
HUD
Housing and Urban Development
50%
UN
United Nations
50%
ACHP
Advisory Council on Historic Preservation
43.8%
CLG
Certified Local Government
43.8%
HAER
Historic American Engineering Record
43.8%
NHL
National Historic Landmark
43.8%
SAH
Society of Architectural Historians
43.8%
SHPO
State Historic Preservation Officer
43.8%
APT
Association for Preservation Technology
37.5%
GSA
General Services Administration
37.5%
IRS
Internal Revenue Service
37.5%
NHPA
National Historic Preservation Act
37.5%
NTHP
National Trust for Historic Preservation
37.5%
WMF
World Monuments Fund
37.5%
HPF
Historic Preservation Fund
31.3%
APE
Area of Potential Effect
25%
CDBG
Community Development Block Grant
25%
CFR
Code of Federal Regulations
25%
EA
environmental assessment
25%
EIS
environmental impact statement
25%
MOA
memorandum of agreement
25%
NCSHPO
National Conference of State Historic Preservation Officers
25%
NEPA
National Environmental Policy Act
25%
ASLA
American Society of Landscape Architects
18.8%
DOE
Determination of Eligibility
18.8%
FPO
Federal Preservation Officer
18.8%
ITC
Investment Tax Credit
18.8%
Abbreviation
Definition
% Correct
CLR
cultural landscape report
12.5%
ICOMOS
International Council on Monuments and Sites
12.5%
NAGPRA
Native American Graves Protection and Repatriation Act
12.5%
NCPTT
National Center for Preservation Technology and Training
12.5%
SAT
Save America's Treasures
12.5%
THPO
Tribal Historic Preservation Officer
12.5%
TPO
Tribal Preservation Office
12.5%
UNESCO
United Nations Educational, Scientific and Cultural Organization
12.5%
ARPA
Archeological Resources Protection Act
6.3%
ISTEA
Intermodal Surface Transportation Efficiency Act
6.3%
NCPE
National Council for Preservation Education
6.3%
NRIS
National Register Information System
6.3%
SAA
Society of American Archeology
6.3%
AHLP
Alliance for Historic Landscape Preservation
0%
BECA
Bureau of Educational and Cultural Affairs
0%
CRM
cultural resourse management
0%
HBCUS
Historically black colleges and universities
0%
HCRS
Heritage Conservation and Recreation Service
0%
NAAAHP
National Association for African American Historic Preservation
0%
NADB
National Archeological Database
0%
NAOP
National Association of Olmsted Parks
0%
NAPC
National Alliance of Preservation Commissions
0%
NCSL
National Conference of State Legislatures
0%
NHA
National Heritage Area
0%
PA
Preservation Action
0%
TCF
The Conservation Fund
0%
TEA-
21
Transportation Equity Act for the Twenty-first Century
0%
TNC
The Nature Conservancy
0%
TPL
Trust for Public Land
0%
USAID
U.S. Agency for International Development
0%
WHSR
With Heritage So Rich
0%
Quiz Playlist
Details
Report
Send in Message
Add To Playlist
Classic:
Type in answers that appear in a list
Last Updated: Feb 16, 2017
Quiz Scoreboard
CHALLENGE
Sign Up to Join the Scoreboard
Show All
Scores
Hide
Comments
May contain spoilers
Recently Published
1-10 Letter E Words III
by El_Dandy
Language
2m
One Thing in Common: World Cities II
by knightlancer
Geography
7m
Popular People in 1961
by mucciniale
History
6m
More to Explore
Quiz From the Vault
Featured Blog Post
Where Did the Easter Bunny Come From?
hide this ad
You Might Also Like...
Tags
Abbreviation
common
Preservation
Today's Top Quizzes in History
Browse History
hide this ad
Top Contributed Quizzes in History
1
Popular People in 1991
2
Popular People in 1981
3
Popular People in 1951
4
Popular People in 1941
5
Popular People in 1986
6
Popular People in 1921
7
Popular People in 1976
8
Popular People in 1946
9
Popular People in 1936
10
I Am Born On March 28th
Explore More
Trending Topics
Kpop
Disney
Anime
Crossword
Marvel
NBA
Harry Potter
NFL
Country
Puzzle
Soccer
Pokémon
Song
WWE
The Office
hide this ad
More By:
galv12
Quiz
Plays
Rating
Category
Featured
Created
Historic Preservation Abbreviations
16
3.50
History
Oct 18, 2011
Go to Creator's Profile
Score Distribution
Quiz Creator Spotlight
galv12
Follow
Send a Message
Quizzes Created
-
Created Quiz Play Count
-
More By This Creator
Popular Quizzes Today
1
Find the US States - No Outlines Minefield
2
The Countries of the World
3
Popular People in 1961
4
Find the Countries of Europe - No Outlines Minefield
5
1-10 Letter E Words III
6
Find the US States
7
One Thing in Common: World Cities II
8
US States
More History Quizzes
Picture Purrfect Art (Slideshow)
Editor's Pick
Trending Quizzes
1-10 Letter F Words
1-10 Letter G Words
Risky Map Clicking: Next State Alphabetically
1-10 Letter F Words II
Risky Map Clicking: States by Unique Starting Letters
Recently Updated
Leaping Animals
pecheneg
Reality TV Shows (A-Z)
bhenderson79
Rickey Henderson's Hall of Fame Teammates
pecheneg
Champions League XIs: Arsenal
pecheneg
Quick Pick: Celebrities in WWE's Hall of Fame
aduchscher
A-Z Keypad Blitz II
pecheneg
Multiple Oscar Actors
pecheneg
Mystery Phrase Blitz: Oscar 'Best Actors'
pecheneg
F. Scott Fitzgerald Novels
LTH
Pick 3 Villains
ddd62291
Trending Topics
Anime
Crossword
Kpop
NBA
Disney
Marvel
Harry Potter
The Office
Pokémon
WWE
Puzzle
Song
Country
Soccer
NFL
Your Account Isn't Verified!
In order to create a playlist on Sporcle, you need to verify the email address you used during registration. Go to your
Sporcle Settings
to finish the process.
Report this User
Report this user for behavior that violates our
Community Guidelines
.
Details:
Send Report
Go to the Sporcle.com Mobile Site →
Comments